Šakal a skvrna /

Hlavní autor: Tisovský, T. E. 1863-1939
Jazyk: Čeština
Vydáno: Praha : Jos. R. Vilímek, 1925
Vydání: 2. vyd.
Edice: Tisovský, T. E. (Tobiáš Eliáš), 1863-1939. Spisy
Fyzický popis: 225 s.
Knihy
Uloženo v:
LEADER 00791nam a22002532a 4500
001 000183991
003 CZ BrMZK
005 20210621071037.0
007 ta
008 950101s1925 xr f cze d
015 |a cnb000634505 
015 |a cnb001529080 
040 |a BOA001  |b cze 
100 1 |a Tisovský, T. E.  |q (Tobiáš Eliáš),  |d 1863-1939  |7 jk01132505  |4 aut 
245 1 0 |a Šakal a skvrna /  |c T.E. Tisovský 
250 |a 2. vyd. 
260 |a Praha :  |b Jos. R. Vilímek,  |c 1925 
300 |a 225 s. 
490 1 |a Spisy T.E. Tisovského ;  |v sv. 11 
800 1 |a Tisovský, T. E.  |q (Tobiáš Eliáš),  |d 1863-1939.  |t Spisy  |0 s 
910 |a BOA001  |b 2-0164.079,11 
990 |a BK 
993 |a Y 
996 7 |b 2619945837  |c 2-0164.079,11  |l MZK  |r Sklad / do 24 hodin  |n 3  |w 000183991  |u 000010  |a 1  |e BOA001  |j MZK50  |s A